000 00716nam a22001577a 4500
005 20260512153302.0
008 260512b |||||||| |||| 00| 0 eng d
050 _aTHE HF 5437 .K4 N93 2025
_bC.1
100 _aNyabwari, David Matwa
245 _aProcurement Processes and Performance in NG-CDF Education Projects in Kisii County, Kenya: The Moderating Role of Management Capabilities
260 _aKisii
_bKisii University
_c2025
300 _axviii, 224p.:ill.
500 _aIncludes bibliographical references
650 _a1. National Government Constituencies Development Fund (Kenya) - Kisii County. 2. Education - Finance - Kenya - Kisii County. 3. Procurement - Kenya - Kisii County.
942 _2lcc
_cREF
999 _c217118
_d217118